Vybrané metódy a modely tvorby finančného plánu konkrétneho podniku bakalárska práca

Guardado en:
Detalles Bibliográficos
Autor principal: Maciaková, Anna Mária
Autor Corporativo: Podnikovohospodárska fakulta EU so sídlom v Košiciach. Katedra finančného riadenia podniku
Otros Autores: Freňáková, Magdaléna, 1981-
Formato: Libro
Lenguaje:eslovaco
Publicado: Košice 2017
Etiquetas: Agregar Etiqueta
Sin Etiquetas, Sea el primero en etiquetar este registro!

MARC

LEADER 00000nbm a2200000 4500
001 0231662
005 20171113102043.1
041 0 |a slo 
044 |a SK 
245 1 0 |a Vybrané metódy a modely tvorby finančného plánu konkrétneho podniku  |b bakalárska práca  |c Anna Mária Maciaková ; školiteľ: Magdaléna Freňáková 
264 1 |a Košice  |c 2017 
300 |a 43 s. 
100 1 |a Maciaková, Anna Mária 
700 1 |a Freňáková, Magdaléna, 1981- 
710 2 |a Podnikovohospodárska fakulta EU so sídlom v Košiciach. Katedra finančného riadenia podniku